000 01162nam2a2200205 4500
001 RU\NLR\PER_A\002383670_005250
005 20250624061612.0
035 _a(NLR Aleph) 012534322
090 _a12377910
_c12377911
100 _a20210602d2021 |||y0rusy50 ca
101 0 _arus
102 _aRU
200 0 _a2021, № 2 (482)
210 _d2021
_aБ. м.
461 0 _1001RU\NLR\INFOCOMM18\1000232571
_12001#$aЦенообразование и сметное нормирование в строительстве$eЕжемес. Всерос. информ.-аналит. журн.$fКоординац. центр по ценообразованию и смет. нормированию в стр-ве$v2021, № 2 (482)
_94609082
_cСПб.
_d1994 -
_fКоординац. центр по ценообразованию и смет. нормированию в стр-ве
_nКЦЦС
_oЕжемес. Всерос. информ.-аналит. журн.
_tЦенообразование и сметное нормирование в строительстве
_v2021, № 2 (482)
852 _aNLR
_jП23/3848
942 _cISSUE
980 _aNB
980 _aRUSPER